[Event "NM Derek Zhang Simul"]
[Site "Issaquah, WA"]
[Date "2023.08.23"]
[Round "?"]
[White "Zhang, Derek"]
[Black "Chen, Andy"]
[Result "1/2-1/2"]
[WhiteElo "2278"]
[BlackElo "1392"]
[PlyCount "57"]
[EventDate "2023.08.23"]
[EventType "simul"]
[EventCountry "USA"]

1. Nf3 d5 2. c4 e6 3. e3 c5 4. cxd5 exd5 5. d4 cxd4 6. Nxd4 Nc6 7. Nc3 Nf6 8.
Be2 Bc5 9. Ncb5 a6 10. Nxc6 bxc6 11. Nd4 Bxd4 12. Qxd4 O-O 13. O-O Qe7 14. b3
c5 15. Qd2 Bb7 16. Bb2 Ne4 17. Qa5 Rfe8 18. Rac1 d4 19. exd4 Ng3 20. hxg3 Qxe2
21. Qc3 Qe4 22. f3 Qxd4+ 23. Qxd4 cxd4 24. Bxd4 Rad8 25. Rcd1 Re2 26. Rf2 Rxf2
27. Kxf2 f6 28. Ke3 Re8+ 29. Kd3 1/2-1/2

[Event "NM Derek Zhang Simul"]
[Site "Issaquah, WA"]
[Date "2023.08.23"]
[Round "?"]
[White "Zhang, Derek"]
[Black "Fawcett, John"]
[Result "1/2-1/2"]
[WhiteElo "2278"]
[BlackElo "978"]
[PlyCount "60"]
[EventDate "2023.08.23"]
[EventType "simul"]
[EventCountry "USA"]

1. f4 d5 2. Nf3 Nc6 3. e3 Bf5 4. Bb5 e6 5. O-O Nge7 6. b3 a6 7. Bxc6+ Nxc6 8.
Bb2 f6 9. d3 Bd6 10. Qe1 O-O 11. Nbd2 Bg6 12. Nh4 Be8 13. Qg3 Ne7 14. Qh3 Bd7
15. Qg3 Nc6 16. a3 Kh8 17. Rae1 Qe7 18. Qf3 Bxa3 19. Qh5 Be8 20. Bxa3 Bxh5 21.
Bxe7 Nxe7 22. h3 f5 23. Kh2 Rf6 24. Rg1 Rh6 25. Rb1 b5 26. Nhf3 Nc6 27. Nd4
Nxd4 28. exd4 Kg8 29. Rge1 c6 30. b4 Be8 1/2-1/2

[Event "NM Derek Zhang Simul"]
[Site "Issaquah, WA"]
[Date "2023.08.23"]
[Round "?"]
[White "Zhang, Derek"]
[Black "Guity, Walter"]
[Result "0-1"]
[WhiteElo "2278"]
[BlackElo "1557"]
[Annotator "Walter Guity"]
[PlyCount "44"]
[EventDate "2023.08.23"]
[EventType "simul"]
[EventCountry "USA"]

1. e4 c5 2. d4 cxd4 3. c3 dxc3 {The Smith-Morra Gambit is a very aggressive
variation in the Sicilian where White sacrifices a pawn early but gets very
active pieces. Black may not castle and will struggle to develop develop for
the rest of the game, but if they withstand the attack, they should be okay.
Big "if" though!} 4. Bc4 e6 {e6 makes sure there are no tricks with Bxf7. I
don't want to take another pawn with xb2 because Bxb2 and I have bishops
aiming at my kingside. I don't want to get greedy against an attacker like my
opponent.} 5. Nf3 a6 6. O-O b5 7. Bb3 Nc6 8. Nxc3 Bb7 9. Bg5 Be7 {Hoping he
trades bishops because of Bxe7, then Ngxe7 and I'm one step closer to castling.
Nf6 would be a mistake here because e5 comes with a pin} 10. h4 {This was a
surprising move. I thought for a while here. If Bxg5, hxg5 and yes he has
double pawns but I've opened up his H-file which he may use against me later.
The pawn on g5 also stops the knight from developing to the natural F6 square.}
h6 {Forcing the Bishop to do something} 11. Bf4 Na5 {Na5 is a solid move; it
attacks the Bishop on b3 and also allows the b7 Bishop to protect D5. Nd5 is a
common sacrifice in the Morra so more defenders there can only be a good thing.
} 12. Bc2 Bxh4 {A mistake but not a fatal one. I'm up 3 pawns and evaluations
says this is an equal game! The Morra is crazy...} 13. Nxh4 Qxh4 14. Bg3 Qd8
15. Qd4 Nf6 16. Bh4 Nc6 {Nc6 kicks the queen and gets my knight off the rim.
It had dreams of going to C4 but for what? Nc6 controls more central squares.
If Bxf6, I do not play Nxd4 because Bxd4 and I've lost material. Instead I
play gxf6 opening the G-file for my rook. My king will be safe on F8 with no
queen or dark squared bishop on the board.} 17. Qd6 Nxe4 {I was proud of this
move smh, turns out it was wrong but very confusing/complicated over the board,
especially in a simul. -If he plays Bxd8, then Nxd6 and I've won a pawn. -If
Qxc6, Bxc6, Bxd8, Nxc3 threating Ne2+ so white will play xc3, then Rxd8 and
I'm up a pawn -If Nxe4, Qxh4 and I'm up a pawn. This is best for white though}
18. Nxe4 {I spent minutes finding the best continuation for White, my opponent
found it in seconds lol} Qxh4 19. Qc7 {A fatal mistake. Qc5 stops castling, or
Nc5 attacks the Bishop on b7 but this move allows...} Nd4 {threatening Ne2 mate
} 20. Nd6+ Kf8 {Stopping any further checks} 21. Rfe1 Bxg2 {Always look for
the most forcing move. Kxg2? All variations lead to mate. Qg4+, Kf1, (if Kh2,
Nf3+, Kh1, Qh3++), Qh3, Kg1, Nf3++} 22. f3 {The only move that delays the game.
From here, Nxf3+, Kxg2, Qg4, Kf2 with no mate to be found. You can win
material, but I don't want to risk playing a longer game against this tough
opponent so I kept looking for mate} Qg3 {White resigned here because Bh3 or
Bxf3 followed by Qb2++ is unstoppable. It was a surreal moment to shake hands
with such a strong opponent.} 0-1

[Event "NM Derek Zhang Simul"]
[Site "Issaquah, WA"]
[Date "2023.08.23"]
[Round "?"]
[White "Zhang, Derek"]
[Black "Palathingal, Rafael"]
[Result "1/2-1/2"]
[WhiteElo "2278"]
[BlackElo "1066"]
[PlyCount "59"]
[EventDate "2023.08.23"]
[EventType "simul"]
[EventCountry "USA"]

1. Nf3 Nf6 2. c4 c6 3. Nc3 d5 4. e3 Bg4 5. Qb3 Qb6 6. Ne5 Bf5 7. d4 e6 8. c5
Qxb3 9. axb3 Nbd7 10. f4 Bc2 11. b4 Ne4 12. b5 Nxe5 13. fxe5 Kd7 14. b6 a6 15.
Bd2 Nxc3 16. Bxc3 Be7 17. Be2 f6 18. exf6 Bxf6 19. Kd2 Bf5 20. Rhf1 h5 21. Rf2
Ke7 22. Raf1 Rh6 23. g3 Bh3 24. Re1 Bf5 25. Bd3 Bxd3 26. Kxd3 Rf8 27. Ref1 Rhh8
28. e4 Kd7 29. e5 Be7 30. Rxf8 1/2-1/2

[Event "NM Derek Zhang Simul"]
[Site "Issaquah, WA"]
[Date "2023.08.23"]
[Round "?"]
[White "Zhang, Derek"]
[Black "Kennedy, Andrew"]
[Result "0-1"]
[WhiteElo "2278"]
[BlackElo "1464"]
[PlyCount "50"]
[EventDate "2023.08.23"]
[EventType "simul"]
[EventCountry "USA"]

1. f4 d6 2. e4 g6 3. Nf3 Bg7 4. d4 Nd7 5. Bc4 h6 6. c3 c5 7. d5 h5 8. O-O Nh6
9. Qe2 f6 10. Nh4 Nf8 11. f5 g5 12. Qxh5+ Nf7 13. Bb5+ Bd7 14. Qe2 Rxh4 15. a4
Bxb5 16. axb5 Ne5 17. g3 Rh7 18. Be3 Nfd7 19. Nd2 Kf7 20. Ra3 g4 21. Bf4 Bh6
22. Qe3 Qh8 23. Rf2 Bxf4 24. gxf4 g3 25. Rg2 Rxh2 0-1

[Event "NM Derek Zhang Simul"]
[Site "Issaquah, WA"]
[Date "2023.08.23"]
[Round "?"]
[White "Zhang, Derek"]
[Black "Yondon, Odbayar"]
[Result "0-1"]
[WhiteElo "2278"]
[BlackElo "1715"]
[PlyCount "64"]
[EventDate "2023.08.23"]
[EventType "simul"]
[EventCountry "USA"]

1. Nf3 Nf6 2. c4 e6 3. Nc3 d5 4. e3 c6 5. b3 Bd6 6. Bb2 e5 7. cxd5 cxd5 8. Nb5
Nc6 9. Nxd6+ Qxd6 10. Bb5 e4 11. Ne5 O-O 12. Bxc6 bxc6 13. O-O Re8 14. f4 exf3
15. Nxf3 Ba6 16. Re1 Bd3 17. Rc1 Ne4 18. Nd4 Qf6 19. Qf3 Qe5 20. Bc3 Nxc3 21.
Rxc3 Qxd4 22. Qg3 Qe4 23. Rxc6 Rac8 24. Rd6 Qe5 25. Qxe5 Rxe5 26. Rd7 a6 27.
Kf2 Rf5+ 28. Kg3 Kf8 29. a4 Rc6 30. b4 Rg6+ 31. Kh4 f6 32. g4 Rf3 0-1

[Event "NM Derek Zhang Simul"]
[Site "Issaquah, WA"]
[Date "2023.08.23"]
[Round "?"]
[White "Zhang, Derek"]
[Black "Palathingal, Xavier"]
[Result "1/2-1/2"]
[WhiteElo "2278"]
[BlackElo "737"]
[PlyCount "82"]
[EventDate "2023.08.23"]
[EventType "simul"]
[EventCountry "USA"]

1. e4 e5 2. f4 Nc6 3. Nf3 d6 4. d4 exd4 5. Bb5 Bd7 6. O-O Nf6 7. Nxd4 Nxd4 8.
Bxd7+ Qxd7 9. Qxd4 c5 10. Qd3 Be7 11. Nc3 O-O 12. Bd2 Bd8 13. Kh1 a6 14. Rae1
Re8 15. Qg3 Bc7 16. Qh4 Bd8 17. Qg3 Bc7 18. Re2 Re7 19. Qg5 Rae8 20. Rfe1 Bd8
21. Qg3 Bc7 22. h3 h6 23. Qh4 Bd8 24. f5 Qc6 25. Qf4 Bc7 26. Qf3 Re5 27. Bf4
R5e7 28. Qd3 Nh5 29. Bh2 c4 30. Qf3 Nf6 31. Bf4 b5 32. a3 Ba5 33. Nd5 Nxd5 34.
exd5 Qd7 35. Rxe7 Rxe7 36. Rxe7 Qxe7 37. Qe3 Qxe3 38. Bxe3 f6 39. Kg1 Kf7 40.
Kf2 Ke7 41. Kf3 Kd7 1/2-1/2